[Event "45th FIDE Chess Olympiad - Women's Sect"]
[Site "Budapest, Hungary"]
[Date "2024.09.12"]
[Round "2.45"]
[White "Mkrtchian, Lilit"]
[Black "Corrales Jimenez, Zenia"]
[Result "1-0"]
[WhiteElo "2366"]
[BlackElo "2170"]
[PlyCount "49"]
[EventDate "2024.??.??"]
[WhiteTeam "Armenia"]
[BlackTeam "Mexico"]
[WhiteTeamCountry "ARM"]
[BlackTeamCountry "MEX"]
[WhiteClock "0:21:06"]
[BlackClock "0:02:03"]

1. c4 e6 2. Nc3 d5 3. d4 Nf6 4. cxd5 exd5 5. Bg5 Bb4 6. e3 h6 7. Bh4 g5 8. Bg3 Ne4 9. Nge2 h5 10. f3 ({RR} 10. h3 Nxg3 11. Nxg3 h4 12. Nh5 c6 13. Be2 Nd7 14. Qb3 Bxc3+ 15. Qxc3 Nf6 16. Nxf6+ Qxf6 17. b4 a6 18. a4 Bf5 19. b5 axb5 20. axb5 O-O 21. O-O Qe6 22. Rfc1 cxb5 23. Qb3 Rxa1 24. Rxa1 Rc8 {Carlsen,M (2847)-Nepomniachtchi,I (2789) chess24.com INT 2021 0-1 (65)}) 10... Nxg3 11. hxg3 Nc6 ({RR} 11... c6 12. a3 Bd6 13. e4 dxe4 14. Nxe4 Be7 15. N2c3 Be6 16. Qd2 Nd7 17. O-O-O Nb6 18. Nc5 Bxc5 19. dxc5 Qxd2+ 20. Rxd2 Nd5 21. Ne4 g4 22. Nd6+ Ke7 23. Nxb7 gxf3 24. gxf3 Rag8 25. Na5 Rxg3 26. Nxc6+ {Nguyen Ngoc Truong Son (2633)-Bobkov,V (2253) chess.com INT 2024 ½-½ (83)}) 12. Qb3 Bxc3+ $146 ({RR} 12... Qd6 13. O-O-O Be6 14. a3 Bxc3 15. Qxc3 O-O-O 16. Qc5 f6 17. Qxd6 Rxd6 18. g4 Bf7 19. Ng3 h4 20. Nf5 Rdd8 21. Bb5 Kd7 22. g3 hxg3 23. Nxg3 a6 24. Bd3 Ne7 25. Kd2 Bg6 26. Bxg6 Nxg6 27. Nf5 {Milanovic,D (2395)-Loncar,R (2337) Veli Losinj CRO 2023 ½-½}) ({RR} 12... Qe7 13. Kf2 Be6 14. a3 Bxc3 15. Qxb7 Kd7 16. bxc3 Rab8 17. Qa6 Rb2 18. c4 Qf6 19. Kg1 h4 20. gxh4 gxh4 21. Rd1 Qg5 22. Nf4 Qg3 23. Rh2 h3 24. Be2 Rhb8 25. cxd5 Bxd5 26. Nxd5 Rb1 27. Rxh3 {Shivakumar,S (2307)-Rodi,L (2196) Sunnyvale USA 2023 1-0 (32)}) 13. Nxc3 Qd6 14. O-O-O Ne7 15. e4 Qxg3 16. Nxd5 Nxd5 17. Qxd5 c6 18. Qb3 Be6 19. Qxb7 O-O 20. Rxh5 Qf4+ 21. Kb1 Kg7 22. Bd3 c5 23. Qe7 Kg6 24. Rdh1 Rfe8 25. e5+ 1-0

[Event "45th FIDE Chess Olympiad - Women's Sect"]
[Site "Budapest, Hungary"]
[Date "2024.09.12"]
[Round "2.46"]
[White "Miranda Rodriguez, Tania"]
[Black "Mkrtchyan, Mariam"]
[Result "0-1"]
[WhiteElo "2090"]
[BlackElo "2328"]
[PlyCount "140"]
[EventDate "2024.??.??"]
[WhiteTeam "Mexico"]
[BlackTeam "Armenia"]
[WhiteTeamCountry "MEX"]
[BlackTeamCountry "ARM"]
[WhiteClock "0:33:01"]
[BlackClock "0:24:54"]

1. e4 e5 2. Nf3 Nc6 3. Bb5 a6 4. Ba4 Nf6 5. O-O Be7 6. Re1 b5 7. Bb3 d6 8. c3 O-O 9. h3 Bb7 10. d4 Re8 11. Ng5 Rf8 12. Nf3 Nd7 13. a4 Na5 14. Bc2 c5 15. Nbd2 $146 ({RR} 15. d5 c4 16. Be3 Qc7 17. axb5 axb5 18. Na3 Ba6 19. Bb1 Nb3 20. Ra2 Nbc5 21. Qd2 Rfb8 22. Bc2 Qc8 23. Nh2 Nf6 24. f3 Rb7 25. Bb1 Nfd7 26. Nc2 Nd3 27. Rf1 Bd8 28. Nb4 Nxb4 29. cxb4 Rbb8 {Dominguez Rincon,M (2066)-Del Castilho,M (2254) Medellin 2017 ½-½ (46)}) 15... Qc7 16. Bd3 c4 17. Bc2 Bf6 18. Nf1 Rfe8 19. Ng3 g6 20. Bg5 Bg7 21. Nh2 h5 22. Nf3 Nf8 23. Qd2 Ne6 24. Be3 Red8 25. Ng5 Nxg5 26. Bxg5 Re8 27. d5 Bc8 28. Rf1 Bd7 29. Bh6 f6 30. Bxg7 Kxg7 31. f4 Qb6+ 32. Kh1 Nb7 33. fxe5 dxe5 34. Qf2 Qxf2 35. Rxf2 Nd6 36. h4 Bg4 37. Bd1 Bxd1 38. Rxd1 Rab8 39. axb5 axb5 40. Ra1 Ra8 41. Rff1 Kf7 42. Kg1 Reb8 43. Kf2 Ra4 44. Ra3 Rxa3 45. bxa3 Ra8 46. Ra1 Ra5 47. Ke2 Nb7 48. Kd2 Nc5 49. Kc2 Ke7 50. Kb2 Ra8 51. Kc2 Nb7 52. Kb2 Nd6 53. Kc2 Kd7 54. Kb2 Kc7 55. Rf1 Rf8 56. Ra1 f5 57. exf5 gxf5 58. Nxh5 Rh8 59. Ng7 Rxh4 60. Ne6+ Kb6 61. Re1 Re4 62. Rxe4 Nxe4 63. Nd8 Kc5 64. Nf7 Kxd5 65. Nh6 Ke6 66. a4 bxa4 67. Ka3 Nxc3 68. Kb4 Nd5+ 69. Kxa4 Ne3 70. g3 f4 0-1

[Event "45th FIDE Chess Olympiad - Women's Sect"]
[Site "Budapest, Hungary"]
[Date "2024.09.12"]
[Round "2.47"]
[White "Danielian, Elina"]
[Black "Mendez Tovar, Yessica Yissel"]
[Result "1-0"]
[WhiteElo "2393"]
[BlackElo "2004"]
[PlyCount "41"]
[EventDate "2024.??.??"]
[WhiteTeam "Armenia"]
[BlackTeam "Mexico"]
[WhiteTeamCountry "ARM"]
[BlackTeamCountry "MEX"]
[WhiteClock "0:40:02"]
[BlackClock "0:09:49"]

1. d4 Nf6 2. Nf3 g6 3. c4 c5 4. Nc3 Bg7 5. e4 cxd4 6. Nxd4 Nc6 7. Be3 O-O 8. Be2 d6 9. O-O Bd7 10. Nb3 b6 11. Rc1 ({RR} 11. f3 Ne8 12. Qd2 Rc8 13. Rac1 Ne5 14. Nd5 e6 15. Nf4 Qe7 16. Rfd1 f5 17. exf5 Rxf5 18. Nd4 Rf8 19. Nh3 Nf7 20. Nf2 Nf6 21. b3 Rfd8 22. a4 Be8 23. Qb4 Nd7 24. Nb5 Nc5 25. Qa3 a6 {Polugaevsky,L (2630)-Ljubojevic,L (2610) Roquebrune 1992 ½-½ (52)}) ({RR} 11. f3 Rc8 12. Rc1 Be6 13. Nd2 Nd7 14. a3 Nd4 15. b3 Nc5 16. b4 Nxe2+ 17. Qxe2 Nb3 18. Nxb3 Bxc4 19. Qb2 Bxf1 20. Kxf1 Qc7 21. Bd2 Qc4+ 22. Kg1 Rc7 23. Qb1 Rfc8 24. h3 Qe6 25. Nd5 Rxc1+ {Gontcharov,S (1864)-Oratile,K (2024) Chennai 2022 ½-½ (33)}) 11... h5 $146 ({RR} 11... Rc8 12. h3 Ne5 13. Nd2 Bc6 14. b4 Qc7 15. Nd5 Qd8 16. f4 Ned7 17. Bd3 e6 18. Nc3 Qe7 19. Ne2 Ne8 20. Qb3 f5 21. Rce1 Qf7 22. Nd4 Ba8 23. N4f3 h6 24. Bf2 Nef6 25. Bb1 Rfe8 26. Bg3 {Csom,I (2430)-Boronyak,A (2325) Zalakaros 1996 1-0 (60)}) ({RR} 11... a5 12. Nd2 Bc8 13. Nb3 Bb7 14. f3 Nd7 15. Nd4 Nxd4 16. Bxd4 Nc5 17. Bxg7 Kxg7 18. Qd4+ f6 19. Nd5 e5 20. Qd2 Bxd5 21. cxd5 Qd7 22. b3 b5 23. Qe3 b4 24. f4 exf4 25. Qxf4 Rae8 26. Rc4 {Vescovi,G (2340)-Nielsen,P (2465) Buenos Aires 1992 0-1}) ({RR} 11... Rc8 12. f3 Ne8 13. Qd2 f5 14. Bh6 Ne5 15. Bxg7 Kxg7 16. exf5 Bxf5 17. Nd5 Kg8 18. Nd4 Bd7 19. f4 Nc6 20. Nf3 e6 21. Nc3 Qf6 22. g3 Qf5 23. Qe3 Qc5 24. Qxc5 bxc5 25. Rcd1 Nd8 26. Ng5 {Snajdr,J (2063)-Brom,J (2179) Plzen 2003 1-0 (44)}) 12. h3 Qc8 13. Kh2 Qb8 14. f4 Kh7 15. Bf3 Bh6 16. Nd5 Nxd5 17. cxd5 Ne5 18. Be2 Qe8 19. Qd2 Ng4+ 20. hxg4 hxg4 21. f5 1-0

[Event "45th FIDE Chess Olympiad - Women's Sect"]
[Site "Budapest, Hungary"]
[Date "2024.09.12"]
[Round "2.52"]
[White "Peycheva, Gergana"]
[Black "Allam, Yara"]
[Result "1-0"]
[WhiteElo "2248"]
[BlackElo "1920"]
[PlyCount "87"]
[EventDate "2024.??.??"]
[WhiteTeam "Bulgaria"]
[BlackTeam "Egypt"]
[WhiteTeamCountry "BUL"]
[BlackTeamCountry "EGY"]
[WhiteClock "0:28:12"]
[BlackClock "0:31:31"]

1. d4 d5 2. c4 c6 3. Nc3 Nf6 4. e3 e6 5. Nf3 Bd6 6. Qc2 Nbd7 7. b3 O-O 8. Be2 b6 9. O-O Bb7 10. Bb2 Rc8 11. Rad1 c5 12. dxc5 Nxc5 13. cxd5 exd5 $146 ({RR} 13... Nce4 14. Qd3 Nxc3 15. Bxc3 Nxd5 16. Bb2 Qe7 17. Qd4 f6 18. Bc4 f5 19. Qh4 Qxh4 20. Nxh4 a6 21. a4 Rcd8 22. Nf3 Rfe8 23. Rd2 Bb4 24. Rd3 Nc7 25. Rc1 Rxd3 26. Bxd3 Nd5 27. Ne5 Rc8 28. Rxc8+ {Sethuraman,S (2613)-Cheparinov,I (2664) Sitges 2021 ½-½ (34)}) ({RR} 13... Nxd5 14. Bc4 Nb4 15. Qe2 Qe7 16. a3 Nc6 17. b4 Nd7 18. Ne4 Be5 19. Bd3 Bxb2 20. Qxb2 Rcd8 21. Rd2 f6 22. Bb1 Nde5 23. Nxe5 Nxe5 24. Rc1 Rxd2 25. Qxd2 Rd8 26. Qe2 Qd7 27. Nc3 Rc8 28. Rd1 {Giri,A (2779)-Ding,L (2805) Zagreb 2019 0-1 (64)}) ({RR} 13... Nce4 14. Qd3 Nxc3 15. Bxc3 Nxd5 {½-½ (15) Sinha,S (2299)-Kaliksteyn,A (2356) New York USA 2024}) ({RR} 13... Nxd5 14. Bc4 Nb4 15. Qe2 Qe7 16. a3 Nc6 17. b4 Nd7 18. Ne4 Bb8 19. Ba6 Bxa6 20. Qxa6 Nde5 21. Rc1 Nxf3+ 22. gxf3 f5 23. Ng3 f4 24. exf4 Qf7 25. Qb5 Ne7 26. Rxc8 Rxc8 27. Qd7 Rc2 28. Re1 {Hammer,J (2651)-Adhiban,B (2671) Baku 2016 ½-½ (43)}) ({RR} 13... Nxd5 14. Bc4 Qe7 15. Bxd5 exd5 16. Nxd5 Qe6 17. Bxg7 Bxd5 18. Ng5 Ne4 19. Nxe6 Rxc2 20. Bxf8 fxe6 21. Bxd6 Nxd6 22. Ra1 Nb5 23. f3 Nc3 24. Rf2 Ne2+ 25. Kf1 Bb7 26. Rxe2 Ba6 27. Rae1 Rxa2 28. Kf2 {Maiorov,N (2504)-Sveshnikov,E (2477) Presolana 2018 ½-½ (61)}) 14. Qf5 Qd7 15. Nd4 Bb8 16. Qxd7 Ncxd7 17. Nf5 Rfe8 18. Bb5 Rcd8 19. Ba3 Re5 20. Ne7+ Kh8 21. Bc6 Ba6 22. Rfe1 Rh5 23. h3 Ne5 24. Ncxd5 Nxd5 25. Bxd5 Bc7 26. Be4 Bd3 27. Bxd3 Nxd3 28. Re2 Nc5 29. Red2 Rxd2 30. Rxd2 h6 31. Nc6 a6 32. Bb2 Rg5 33. f4 Rg3 34. Bd4 Rg6 35. Ne7 Re6 36. Nf5 f6 37. Bxc5 bxc5 38. Rd7 Bb6 39. Kf2 g6 40. Nd6 h5 41. Nc4 Kg8 42. Rb7 Bd8 43. Rb8 Re8 44. Rc8 1-0

[Event "45th FIDE Chess Olympiad - Women's Sect"]
[Site "Budapest, Hungary"]
[Date "2024.09.12"]
[Round "2.54"]
[White "Steil-Antoni, Fiona"]
[Black "Guichard, Pauline"]
[Result "0-1"]
[WhiteElo "2085"]
[BlackElo "2374"]
[PlyCount "90"]
[EventDate "2024.??.??"]
[WhiteTeam "Luxembourg"]
[BlackTeam "France"]
[WhiteTeamCountry "LUX"]
[BlackTeamCountry "FRA"]
[WhiteClock "0:09:19"]
[BlackClock "0:23:19"]

1. e4 c6 2. Ne2 d5 3. e5 Bf5 4. Ng3 Bg6 5. h4 h5 6. d4 e6 7. Bd3 Ne7 ({RR} 7... Bxd3 8. cxd3 Qb6 9. Ne2 Ne7 10. Nd2 Nf5 11. Nf3 c5 12. dxc5 Bxc5 13. d4 Be7 14. Bg5 Bb4+ 15. Kf1 Nc6 16. g3 Be7 17. Bxe7 Nfxe7 18. Qd2 O-O-O 19. Rc1 Kb8 20. Kg2 Rc8 21. Rc5 Nf5 22. Rhc1 {Spassky,B (2580)-Adams,M (2495) Cannes 1989 ½-½ (36)}) 8. Be3 $146 ({RR} 8. Bg5 Bxd3 9. cxd3 Nd7 10. Bxe7 Bxe7 11. O-O Bxh4 12. Nc3 Be7 {½-½ (12) Ciesla,K-Czyz,A (2066) Wysowa 2003}) ({RR} 8. Bg5 Qb6 9. Bxe7 Bxe7 10. Bxg6 fxg6 11. b3 c5 12. Qd3 O-O 13. Qxg6 cxd4 14. O-O Nd7 15. Nxh5 Rf7 16. Qg3 Raf8 17. Nd2 Qc7 18. Nf3 Qxc2 19. Nxd4 Qh7 20. Nf6+ Bxf6 21. exf6 Nxf6 22. Nxe6 Ne4 {Suarez,S (2161)-Sreyas,P (2084) chess.com INT 2024 0-1 (32)}) ({RR} 8. Bxg6 fxg6 9. Bg5 Qa5+ 10. c3 Nf5 11. Nxf5 gxf5 12. g3 c5 13. O-O Nc6 14. dxc5 Qxc5 15. Re1 Be7 16. Be3 Qb5 17. Qc2 Nxe5 18. Kh1 Qd3 19. Qa4+ b5 20. Qa6 Qe4+ 21. Kg1 Nf3+ 22. Kf1 Nxe1 {Gadson,J-Ezat,M (2381) Dos Hermanas 2003 0-1 (47)}) ({RR} 8. Nd2 Nd7 9. Nf3 c5 10. dxc5 Nxc5 11. Bb5+ Nc6 12. Nd4 Qc7 13. O-O a6 14. Bxc6+ bxc6 15. f4 Ne4 16. Nxe4 Bxe4 17. f5 exf5 18. e6 fxe6 19. Nxe6 Qg3 20. Qe2 Bd6 21. Bf4 Bxf4 22. Rxf4 Ke7 {Foster,J (1970)-Winfridsson,O (2108) England 2008 0-1}) 8... c5 9. c3 Nbc6 10. Na3 Bxd3 11. Qxd3 Ng6 12. Bg5 Qb6 13. Nc2 cxd4 14. cxd4 Bb4+ 15. Kf1 Be7 16. Rb1 Bxg5 17. hxg5 h4 18. Ne2 Rc8 19. Rh3 Nce7 20. Ne3 Rc6 21. g3 Qa6 22. Qxa6 Rxa6 23. a3 Rc6 24. Rc1 hxg3 25. Rxh8+ Nxh8 26. Rxc6 Nxc6 27. f4 Ng6 28. Kg2 Nge7 29. Kxg3 Na5 30. b4 Nb3 31. Kf2 Nd2 32. Ke1 Ne4 33. Kd1 Kd7 34. Kc2 Kc6 35. a4 Kb6 36. Nc3 Ng3 37. Kd3 a6 38. Nc2 Nc6 39. Ne2 Nf5 40. Nc3 a5 41. bxa5+ Kxa5 42. Ne3 Nb4+ 43. Kd2 Nxd4 44. f5 Nf3+ 45. Ke2 Nxg5 0-1

[Event "45th FIDE Chess Olympiad - Women's Sect"]
[Site "Budapest, Hungary"]
[Date "2024.09.12"]
[Round "2.56"]
[White "Kremer, Nadine"]
[Black "Benmesbah, Natacha"]
[Result "0-1"]
[WhiteElo "1898"]
[BlackElo "2258"]
[PlyCount "54"]
[EventDate "2024.??.??"]
[WhiteTeam "Luxembourg"]
[BlackTeam "France"]
[WhiteTeamCountry "LUX"]
[BlackTeamCountry "FRA"]
[WhiteClock "0:09:11"]
[BlackClock "0:22:16"]

1. e4 c6 2. d4 d5 3. Nc3 dxe4 4. Nxe4 Nf6 5. Nxf6+ exf6 6. c3 Bd6 7. Bd3 O-O 8. Qc2 Re8+ 9. Ne2 h5 10. Bd2 Nd7 11. O-O-O Nf8 12. h4 ({RR} 12. f3 a5 13. Rdg1 Be6 14. g4 hxg4 15. fxg4 Bd5 16. h4 Bxh1 17. Rxh1 Qe7 18. g5 f5 19. h5 Qe6 20. Kb1 Qd5 21. Rf1 Qg2 22. Qd1 g6 23. hxg6 fxg6 24. Nf4 Bxf4 25. Bxf4 Ne6 26. Be5 b5 {Aitbayev,A (2441)-Jones,G (2689) Chess.com INT 2019 0-1 (41)}) ({RR} 12. Nf4 Bxf4 13. Bxf4 Be6 14. Rhe1 b5 15. Be4 Rc8 16. Kb1 Qa5 17. a3 Qd8 18. Bf3 h4 19. g3 h3 20. Be4 a5 21. Qe2 f5 22. Bc2 Ba2+ 23. Kxa2 Rxe2 24. Rxe2 g6 25. Rde1 Ne6 26. Be5 b4 {Buyankhishig,B (1839)-Matveeva,O (2136) chess.com INT 2024 0-1 (38)}) 12... Be6 13. Kb1 b5 14. f3 a5 $146 ({RR} 14... Re7 15. Nf4 Bxf4 16. Bxf4 Qd5 17. b3 a5 18. c4 bxc4 19. Bxc4 Qd7 20. Rhe1 Rae8 21. Kc1 Bf5 22. Rxe7 Rxe7 23. Qc3 a4 24. bxa4 Ne6 25. Bg3 Qa7 26. a5 Rb7 27. Bb3 Rd7 28. Bf2 Qa6 29. Bc4 {Heidenfeld,M (2373)-Boehm,C (2152) Magdeburg 2022 1-0 (34)}) ({RR} 14... Bd5 15. Nf4 Bxf4 16. Bxf4 Qd7 17. Bf5 Be6 18. g4 Qd5 19. Bxe6 Nxe6 20. Bc1 Qxf3 21. gxh5 Qxh5 22. Qg2 Qg6+ 23. Qxg6 fxg6 24. d5 cxd5 25. Rxd5 Rab8 26. h5 gxh5 27. Rhxh5 a6 28. Rd6 Ra8 29. a4 {Szente Varga,F (2085)-Souleidis,G (2410) Chess.com INT 2022 1-0 (47)}) ({RR} 14... Bd5 15. Rdg1 a5 16. Be4 f5 17. Bxd5 Rxe2 18. Bxc6 Rc8 19. Bxb5 Rf2 20. Qd3 Rb8 21. Be1 Bg3 22. Bxf2 Bxf2 23. Rf1 Bg3 24. a4 Ne6 25. Qxf5 g6 26. Qe4 Nf4 27. Rd1 Qd6 28. Qe5 Qd8 29. Qg5 {Szente Varga,F (2075)-Pinheiro,I (2320) chess.com INT 2022 1-0 (59)}) 15. b3 Qc7 16. Rhg1 f5 17. Qc1 Ng6 18. Be1 b4 19. cxb4 a4 20. Bc4 axb3 21. axb3 Qa7 22. Nc3 Bxc4 23. bxc4 Bxb4 24. Kc2 Bxc3 25. Kxc3 Qa2 26. Qb2 Re3+ 27. Kc2 Qxc4+ 0-1

[Event "45th FIDE Chess Olympiad - Women's Sect"]
[Site "Budapest, Hungary"]
[Date "2024.09.12"]
[Round "2.62"]
[White "Yildiz Kadioglu, Betul Cemre"]
[Black "Babic, Milana"]
[Result "1/2-1/2"]
[WhiteElo "2314"]
[BlackElo "2080"]
[PlyCount "80"]
[EventDate "2024.??.??"]
[WhiteTeam "Turkiye"]
[BlackTeam "Bosnia & Herzegovina"]
[BlackTeamCountry "BIH"]
[WhiteClock "0:00:34"]
[BlackClock "0:01:42"]

1. d4 Nf6 2. Nf3 b6 3. g3 Bb7 4. Bg2 e6 5. O-O c5 6. c4 cxd4 7. Nxd4 Bxg2 8. Kxg2 a6 9. Nc3 Be7 10. e4 Qc7 ({RR} 10... d6 11. Qa4+ Nfd7 12. Be3 O-O 13. Rac1 Qc7 14. Nce2 Qb7 15. f3 Ne5 16. b4 Nbd7 17. Qb3 Rfe8 18. a3 Rac8 19. Rc2 Bf8 20. Nf4 Nf6 21. h3 Ned7 22. Nd3 d5 23. e5 dxc4 24. Rxc4 Rxc4 25. Qxc4 {Hertneck,G (2560)-Dolmatov,S (2610) Tilburg 1992 0-1 (60)}) 11. Qe2 Nc6 12. Nxc6 ({RR} 12. Be3 O-O 13. Rac1 d6 14. Rfd1 Rfd8 15. f3 h6 16. Nxc6 Qxc6 17. Qf2 Rab8 18. b3 Rdc8 19. Bf4 Ne8 20. Na4 Qb7 21. e5 Rc6 22. exd6 Bxd6 23. Bxd6 Nxd6 24. c5 bxc5 25. Rxc5 Rbc8 26. Rdc1 Nf5 {Bartolo,F (1869)-Guia,A (1932) Fatima 2022 ½-½ (31)}) 12... Qxc6 13. f3 $146 ({RR} 13. Bd2 O-O 14. f3 d6 15. Rac1 Rfc8 16. b3 Qb7 17. Rfd1 Nd7 18. Bf4 Ne5 19. a4 Rd8 20. Bxe5 dxe5 21. Rxd8+ Rxd8 22. Rd1 Rd4 23. Rd3 Qd7 24. Rxd4 exd4 25. Qd3 Qd6 26. Ne2 e5 27. h4 g6 {Salles,M (1989)-Viana,D (2314) Rio de Janeiro 2001 ½-½ (48)}) 13... d6 14. Be3 O-O 15. Rac1 Rfc8 16. b3 Rc7 17. Bd4 Rac8 18. a4 Qb7 19. Qb2 Nd7 20. Ne2 Bf6 21. Bxf6 Nxf6 22. Qd4 Rc6 23. Nc3 Qc7 24. Na2 a5 25. Nc3 d5 26. exd5 exd5 27. Nxd5 Nxd5 28. Qxd5 Rd6 29. Qb5 Rd2+ 30. Rf2 Qd6 31. Re1 Rxf2+ 32. Kxf2 Qd4+ 33. Re3 h6 34. Qe5 Qd1 35. Kg2 Rd8 36. Kh3 Qf1+ 37. Kg4 Qd1 38. Kh3 Qf1+ 39. Kg4 Qd1 40. Kh3 Qf1+ 1/2-1/2

[Event "45th FIDE Chess Olympiad - Women's Sect"]
[Site "Budapest, Hungary"]
[Date "2024.09.12"]
[Round "2.63"]
[White "Jacimovic, Sara"]
[Black "Aydin, Gulenay"]
[Result "0-1"]
[WhiteElo "1981"]
[BlackElo "2202"]
[PlyCount "74"]
[EventDate "2024.??.??"]
[WhiteTeam "Bosnia & Herzegovina"]
[BlackTeam "Turkiye"]
[WhiteTeamCountry "BIH"]
[WhiteClock "0:01:35"]
[BlackClock "0:04:42"]

1. e4 c5 2. Nc3 e6 3. g3 Nc6 4. Bg2 g6 5. Nge2 Bg7 6. d3 Nge7 7. Bg5 h6 8. Be3 Nd4 9. Qd2 ({RR} 9. O-O O-O 10. a4 Nec6 11. Nb5 d6 12. c3 Nxe2+ 13. Qxe2 a6 14. Na3 Rb8 15. Qd2 Kh7 16. d4 cxd4 17. cxd4 d5 18. exd5 exd5 19. b4 Bf5 20. b5 Na5 21. Qa2 axb5 22. axb5 Be6 23. Rac1 Ra8 {Kiran,M (2036)-Gomes,M (2322) Dharamshala IND 2024 ½-½ (31)}) 9... d6 ({RR} 9... O-O 10. O-O Kh7 11. f4 d6 12. Nd1 Rb8 13. Nc1 b6 14. Nf2 f5 15. c3 Ndc6 16. exf5 exf5 17. Nb3 Be6 18. d4 Bd5 19. Bxd5 Nxd5 20. dxc5 dxc5 21. Rad1 Nf6 22. Qe2 {½-½ (22) Pruijssers,R (2550)-Rusev,R (2366) Belgium 2020}) 10. O-O Rb8 11. f4 $146 ({RR} 11. Nd1 Nxe2+ 12. Qxe2 O-O 13. f4 b6 14. Bd2 d5 15. e5 Nc6 16. c3 b5 17. Qf2 c4 18. d4 b4 19. Ne3 bxc3 20. Bxc3 Nb4 21. Qd2 a5 22. a3 Nd3 23. Rf3 a4 {½-½ (23) Seifert,A (1806)-Amtmann,F (1939) Rieneck 2008}) ({RR} 11. Nc1 b5 12. Nd1 b4 13. c3 bxc3 14. bxc3 Ndc6 15. Ne2 Ba6 16. Nb2 h5 17. Nc4 Bxc4 18. dxc4 O-O 19. Rfd1 Ne5 20. Qxd6 Qxd6 21. Rxd6 Nxc4 22. Rd7 Nxe3 23. Rxe7 Nxg2 24. Kxg2 Rb2 25. Kf1 Rd8 {Belenkaya,D (2293)-Arabidze,M (2437) Chess.com INT 2020 0-1 (40)}) ({RR} 11. Rab1 b5 12. b4 Nec6 13. bxc5 dxc5 14. Bxd4 Nxd4 15. Nxd4 cxd4 16. Nxb5 O-O 17. a4 a6 18. Na3 Bd7 19. a5 Qc7 20. Rb3 Ba4 21. Rb4 Qxa5 22. Rfb1 Rxb4 23. Qxb4 Qxb4 24. Rxb4 Bb5 25. Nxb5 Rb8 {Magallanes,R (2036)-Gracia Alvarez,G (2308) Chess.com INT 2020 ½-½ (48)}) 11... b5 12. Nd1 Nxe2+ 13. Qxe2 O-O 14. c3 a5 15. Nf2 Bb7 16. Rfd1 b4 17. Rac1 Ba6 18. e5 bxc3 19. bxc3 Nf5 20. exd6 Nxe3 21. Qxe3 Rc8 22. Ne4 Bb7 23. d7 Qxd7 24. Nxc5 Rxc5 25. Qxc5 Bxg2 26. Kxg2 Rc8 27. Qa3 Qd5+ 28. Kh3 Qh5+ 29. Kg2 Qe2+ 30. Kh3 Bf8 31. Qxa5 Rc5 32. Qxc5 Bxc5 33. a4 g5 34. fxg5 hxg5 35. Re1 g4+ 36. Kh4 Be7+ 37. Kh5 Qxd3 0-1

[Event "45th FIDE Chess Olympiad - Women's Sect"]
[Site "Budapest, Hungary"]
[Date "2024.09.12"]
[Round "2.65"]
[White "Roebers, Eline"]
[Black "Stojkovska, Monika"]
[Result "1-0"]
[WhiteElo "2340"]
[BlackElo "2043"]
[PlyCount "109"]
[EventDate "2024.??.??"]
[WhiteTeam "Netherlands"]
[BlackTeam "North Macedonia"]
[WhiteTeamCountry "NED"]
[WhiteClock "0:55:22"]
[BlackClock "0:02:52"]

1. e4 e6 2. d4 d5 3. Nc3 Nf6 4. Bg5 dxe4 5. Nxe4 Be7 6. Bxf6 gxf6 7. Nc3 a6 8. g3 ({RR} 8. a4 Nc6 9. Nge2 e5 10. d5 Nb4 11. Ng3 f5 12. Bc4 Qd6 13. Bb3 h5 14. Qe2 h4 15. Nf1 Bd7 16. Nd2 e4 17. f3 exf3 18. Nxf3 O-O-O 19. O-O-O Bf6 20. Qf2 Kb8 21. Nd4 Rhg8 22. Nxf5 Qe5 {Aronian,L (2722)-Sevian,S (2697) Saint Louis USA 2024 1-0 (37)}) 8... b5 9. Bg2 Ra7 10. Qd3 ({RR} 10. Nh3 c5 11. dxc5 Qxd1+ 12. Rxd1 Bxc5 13. Ne4 Be7 14. Nd6+ Bxd6 15. Rxd6 Ke7 16. Rd2 Bb7 17. Bxb7 Rxb7 18. Nf4 Rc8 19. Kd1 Rd7 20. Rxd7+ Nxd7 21. Nd3 Nb6 22. Re1 f5 23. c3 Nd5 24. Kd2 h5 {Follana Albelda,L (2049)-Grabuzova,T (2195) Linares ESP 2024 ½-½ (35)}) 10... c5 $146 ({RR} 10... b4 11. Nce2 Bb7 12. Bxb7 Rxb7 13. O-O-O Qd5 14. Nf3 Qxa2 15. d5 Qa1+ 16. Kd2 Qxb2 17. dxe6 fxe6 18. Ned4 Qc3+ 19. Qxc3 bxc3+ 20. Kxc3 Kf7 21. Rhe1 Rb6 22. Re2 Rd8 23. Rd3 e5 24. Nf5 Bb4+ 25. Kc4 {Baskin,R (2390)-Csonka,B (2490) Chess.com INT 2021 0-1}) ({RR} 10... Bb7 11. Bxb7 Rxb7 12. O-O-O c6 13. Nf3 Nd7 14. Kb1 Qa5 15. Nd2 Qc7 16. Rhe1 h5 17. Qf3 Nb6 18. Ne2 Nd5 19. h4 a5 20. Ne4 a4 21. N2c3 Qd8 22. Nc5 Ra7 23. Nxe6 fxe6 24. Rxe6 Nxc3+ 25. Qxc3 {Xiong,J (2709)-Niemann,H (2465) chess24.com INT 2020 ½-½ (57)}) 11. d5 Rd7 12. Nh3 b4 13. Nd1 Bb7 14. Ne3 exd5 15. Nf5 Nc6 16. Nf4 Ne5 17. Qe2 Qa8 18. O-O-O d4 19. Bxb7 Qxb7 20. Nh5 Kd8 21. f4 Ng6 22. g4 Kc7 23. Rhe1 Qb5 24. Qe4 Qc6 25. Nxe7 Qxe4 26. Rxe4 Rxe7 27. Rde1 Rxe4 28. Rxe4 Kd6 29. Nxf6 h6 30. Kd2 Ne7 31. Re5 Ng6 32. Ne4+ Kd7 33. Nxc5+ Kd6 34. Ne4+ Kd7 35. Rf5 Ke7 36. Kd3 Rc8 37. Nd2 Nf8 38. Nc4 Ne6 39. Nb6 Rb8 40. Nd5+ Kd6 41. Nf6 Ke7 42. Ne4 f6 43. Nxf6 Ng7 44. Nd5+ Kd6 45. Re5 Ne6 46. Ke4 b3 47. cxb3 d3 48. Ne3 Rb4+ 49. Nc4+ Kd7 50. Rd5+ Kc6 51. Rd6+ Kc7 52. Ke5 Nc5 53. f5 Rb8 54. Rxh6 Re8+ 55. Kd4 1-0

[Event "45th FIDE Chess Olympiad - Women's Sect"]
[Site "Budapest, Hungary"]
[Date "2024.09.12"]
[Round "2.67"]
[White "Van Foreest, Machteld"]
[Black "Zhezhovska, Monika"]
[Result "1-0"]
[WhiteElo "2224"]
[BlackElo "2107"]
[PlyCount "61"]
[EventDate "2024.??.??"]
[WhiteTeam "Netherlands"]
[BlackTeam "North Macedonia"]
[WhiteTeamCountry "NED"]
[WhiteClock "0:06:16"]
[BlackClock "0:00:44"]

1. e4 c5 2. Nf3 Nc6 3. d4 cxd4 4. Nxd4 Nf6 5. Nc3 d6 6. Bc4 e6 7. Be3 Bd7 8. Qe2 a6 9. a4 ({RR} 9. Nxc6 Bxc6 10. f3 b5 11. Bd3 Qc7 12. O-O Be7 13. a4 b4 14. Nb1 d5 15. Nd2 Bd6 16. g3 Be5 17. a5 Bxb2 18. Bb6 Qb8 19. Rab1 Bc3 20. Nb3 dxe4 21. fxe4 O-O 22. Nd4 Bb7 23. Rxf6 Qe5 {Hector,J (2488)-Bok,B (2598) London 2016 0-1 (70)}) 9... Na5 $146 ({RR} 9... Be7 10. O-O O-O 11. Bb3 Na5 12. Ba2 Rc8 13. Rad1 Rxc3 14. bxc3 Nxe4 15. Bd2 Nxd2 16. Qxd2 Qc7 17. Rfe1 Bf6 18. Qd3 d5 19. Bb3 Rc8 20. Re3 g6 21. g3 Qb6 22. Rde1 Nc4 23. R3e2 Bg7 24. h4 {Erten,K (2331)-Materia,M (2457) Prague CZE 2024 0-1 (42)}) ({RR} 9... Rc8 10. O-O Qc7 11. Ba2 Ne5 12. Rae1 Be7 13. Kh1 Nc4 14. Bc1 Qc5 15. Nb3 Qb4 16. f4 O-O 17. e5 Nd5 18. Nxd5 exd5 19. Nd4 Qxa4 20. Bb3 Qb4 21. e6 fxe6 22. Nxe6 Rf7 23. Qh5 Bxe6 24. Rxe6 {Ciuksyte,D (2338)-Van der Weide,K (2471) La Fere 2004 0-1 (40)}) ({RR} 9... Rc8 10. O-O Be7 11. f4 O-O 12. Kh1 Na5 13. Bd3 Qc7 14. Bg1 Nc4 15. Nd1 e5 16. b3 Bg4 17. Nf3 Na5 18. Ne3 exf4 19. Nxg4 Nxg4 20. Rab1 Ne5 21. c4 Nac6 22. Ne1 Bg5 23. Rd1 Rfe8 24. Bb1 {Mlcousek,Z-Styblo,M (2310) Czechoslovakia 1990 0-1 (64)}) 10. Ba2 Qc7 11. O-O Be7 12. f4 Rc8 13. Rad1 O-O 14. Bc1 Nc4 15. Kh1 Qc5 16. e5 dxe5 17. fxe5 Nd5 18. Nxd5 exd5 19. c3 Be6 20. Bb1 Qc7 21. Rde1 Bc5 22. Bg5 Be7 23. Bc1 Qd7 24. Qd3 g6 25. Qg3 Qd8 26. Nxe6 fxe6 27. Qg4 Rc6 28. Bxg6 hxg6 29. Qxg6+ Kh8 30. Qh5+ Kg8 31. Bh6 1-0